00609cam a22001932 4500001001100000005001700011008004100028020001500069040001500084100003100099245009100130250001300221260003400234300001700268650003400285650003100319700003500350700003000385000002083220151217155229.0111019s xx 000 0 eng d a0072464305 aKABUcKABU1 aSeeley, Rod R.@000018031310aEssentials of anatomy and physiology /cRod R. Seeley, Trent D. Stephens, Philip Tate. a5th ed. aBoston :bMcGraw Hill,c2005. axix, 644 p. 0aHuman physiology.@0000155597 0aHuman anatomy.@00001555981 aStephens, Trent D.@00001803141 aTate, Philip.@0000180315